Statistics for Songs with Sun in the Title

Click here to take the quiz!

General Stats

  • This quiz has been taken 16 times
  • The average score is 9 of 20

Answer Stats

YearSongAnswer% Correct
1964House of the Rising SunThe Animals
100%
1983Sunday Bloody SundayU2
100%
1971Ain't No SunshineBill Withers
80%
1967Sunshine of Your LoveCream
80%
1994Black Hole SunSoundgarden
73%
1967Waterloo SunsetThe Kinks
67%
1985Walking on SunshineKatrina and the Waves
60%
1972You Are the Sunshine of My LifeStevie Wonder
60%
1966Good Day SunshineThe Beatles
60%
1997Walkin' on the SunSmash Mouth
47%
2001Island in the SunWeezer
40%
1983Blister in the SunViolent Femmes
33%
2002Soak Up the SunSheryl Crow
27%
1967Sunday MorningThe Velvet Underground, Nico
27%
1977April Sun in CubaDragon
13%
2016Another Day of SunLa La Land cast
13%
2018SunflowerPost Malone, Swae Lee
13%
1965Sunshine, Lollipops and RainbowsLesley Gore
7%
2002Sunday MorningMaroon 5
7%
2010The Sound of SunshineMichael Franti & Spearhead
7%

Score Distribution

Percentile by Number Answered

Percent of People with Each Score

Your Score History

You have not taken this quiz